| 000 | 00720nam a22001815i 4500 | ||
|---|---|---|---|
| 001 | 163572 | ||
| 003 | ES-MaACL | ||
| 005 | 20230906212752.0 | ||
| 008 | 980720s1867 sp |||| | spa d | ||
| 040 |
_aAS _bspa _cAS |
||
| 100 | 1 |
_aRiudavets y Tudury, Pedro. _9131843 |
|
| 245 | 1 | 0 |
_aDerrotero de las costas de España y de Portugal _b: desde el cabo Trafalgar hasta el puerto de La Coruña / _credactado por Pedro Riudavets y Tudury. |
| 260 |
_aMadrid : _bDirección de Hidrografía, _c1867 ( _fImprenta de T. Fortanet) |
||
| 300 |
_aXV, 634 p., XII h. de lám. pleg. ; _c24 cm. |
||
| 650 | 4 |
_aDerroteros- _zEspaña. _9135905 |
|
| 650 | 4 |
_aDerroteros- _zPortugal. _9135907 |
|
| 852 |
_aES-MaACL _jG-11301 _z-- Enc. hol. |
||
| 999 |
_c163572 _d163572 |
||